000 00654nam a2200253Ia 4500
003 OSt
005 20221007110710.0
006 a|||||r|||| 00| 0
007 ta
008 221006b |||||||| |||| 00| 0 eng d
024 _a21,646
037 _cTextual
040 _aLCO
_cLCO
_beng
041 _2eng
_aeng
082 _aX8(A):Z, L4
100 _aChakrabarti B.K.
245 0 _aLabour Laws of India.2V
260 _aCalcutta
_bInternational Law Book Centre India
_c1974
300 _a944+844
490 _vVol.- II
650 _aLABOUR
942 _hX8(A):Z, L4
_cTEXL
999 _c1191209
_d1191209